| 000 | 01030nam a2200289 a 4500 | ||
|---|---|---|---|
| 008 | |||
| 020 | _a0852554265 (pbk.) | ||
| 049 | _aMAIN | ||
| 090 | _aLG421.K35 | ||
| 100 | 1 | _aMusisi, Nakanyike. | |
| 245 | 1 | 0 |
_aMakerere University in transition 1993-2000 : _bopportunities & challenges / _cNakanyike B. Musisi, Nansozi K. Muwanga. |
| 260 |
_aOxford : _bJames Currey, _c2003. |
||
| 300 |
_axix, 103 p. : _bill. ; _c24 cm. |
||
| 440 | 0 | _aHigher education in Africa. | |
| 500 | _aPublished in association with Partnership for Higher Education in Africa. | ||
| 504 | _aIncludes bibliographical references. | ||
| 650 | 0 |
_aEducational change _zUganda. |
|
| 650 | 0 |
_aUniversities and colleges _zUganda. |
|
| 650 | 0 |
_aPolitics and education _zUganda. |
|
| 700 | 1 | _aMuwanga, Nansozi K. | |
| 710 | 2 | _aPartnership for Higher Education in Africa. | |
| 907 |
_a.b10132144 _b05-08-04 _c04-08-04 |
||
| 003 | |||
| 005 | 20230123133805.0 | ||
| 040 | _cNUST | ||
| 942 |
_cBOOKS _kLG421.K35 |
||
| 999 |
_c154692 _d154692 |
||